000
00333 a2200157 4500
001
45165
020
_a
040
_c
Anchieta - Aquarius
100
_a
Muniz, Flávia
240
1
0
_a
Brincadeira de saci
_l
por
245
1
0
_a
Brincadeira de saci
300
_a
362
0
_a
0
650
4
_a
Literatura infanto-juvenil
942
_c
BK
999
_c
45165
_d
45165